फ्रांस में स्थानीय प्रशासन (Record no. 1188)

MARC details
000 -LEADER
fixed length control field 01293 a2200241 4500
005 - DATE AND TIME OF LATEST TRANSACTION
control field 20080905105939.0
008 - FIXED-LENGTH DATA ELEMENTS--GENERAL INFORMATION
fixed length control field 080905t xxu||||| |||| 00| 0 hin d
010 ## - LIBRARY OF CONGRESS CONTROL NUMBER
LC control number HIN-79068
020 ## - INTERNATIONAL STANDARD BOOK NUMBER
Terms of availability 500.00
035 ## - SYSTEM CONTROL NUMBER
System control number HN-51415
037 ## - SOURCE OF ACQUISITION
Source of stock number/acquisition D.B.Act / ven
082 ## - DEWEY DECIMAL CLASSIFICATION NUMBER
Classification number 352.044
100 ## - MAIN ENTRY--PERSONAL NAME
Personal name शर्मा, हरीशचन्द्र
245 ## - TITLE STATEMENT
Title फ्रांस में स्थानीय प्रशासन
Statement of responsibility, etc हरीशचन्द्र शर्मा
246 ## - VARYING FORM OF TITLE
Title proper/short title Frans me sthaniya prashasan
Remainder of title by Harishchander Sharma
260 ## - PUBLICATION, DISTRIBUTION, ETC. (IMPRINT)
Place of publication, distribution, etc जयपुर
Name of publisher, distributor, etc काँलेज बुक डिपो
Date of publication, distribution, etc 2006
260 ## - PUBLICATION, DISTRIBUTION, ETC. (IMPRINT)
Place of publication, distribution, etc नई दिल्ली (वितरक) विश्वभारती प्रकाशन
270 ## - ADDRESS
Address 89 त्रिपोलिया बाजार
City जयपुर
270 ## - ADDRESS
Address 4378/4बी, अंसारी रोड, दरियागंज
City नई दिल्ली
300 ## - PHYSICAL DESCRIPTION
Extent iv,259पृ
Dimensions 22 सेमी (सजिल्द)
942 ## - ADDED ENTRY ELEMENTS (KOHA)
Institution code [OBSOLETE] dpl
Koha item type Hindi Books
Call number prefix 352.044 / शर्माह
Source of classification or shelving scheme Dewey Decimal Classification
Classification part 352.044
Call number suffix शर्माह
Holdings
Withdrawn status Lost status Damaged status Not for loan Collection code Home library Current library Date acquired Cost, normal purchase price Total Checkouts Full call number Barcode Date last seen Copy number Uniform Resource Identifier Cost, replacement price Price effective from Koha item type
      Not For Loan Non-fiction D.B.Act.Division D.B.Act.Division 05/09/2008 500.00   352.044 शर्माह HN-51415 15/09/2008 1 1253 500.00 15/09/2008 Hindi Books

© Delhi Public Library
Hit Counter
free hit counter